| 000 | 00494cam a2200193ua 4500 | ||
|---|---|---|---|
| 020 | _c200.00 | ||
| 041 |
_aeng _h |
||
| 082 |
_a631.587 _bBHA/DE |
||
| 100 | _aBhawan , B D . | ||
| 245 |
_aDevelopment of tubewell irrigation in India / _cBhawan B D. _hTextual Documents |
||
| 250 |
_a1 / _b. |
||
| 260 |
_aNew Delhi : _bAgricole Publishing Academy , _c1983. |
||
| 300 | _a208 ; . | ||
| 365 | _a200.00 | ||
| 504 | _a | ||
| 942 | _cBK | ||
| 999 |
_c9978 _d9978 |
||